[Event "VIE-ch U11"]
[Site "Hanoi"]
[Date "2022.06.14"]
[Round "5"]
[White "Bien, Hoang Gia Phu"]
[Black "Do, Dang Khoa"]
[Result "0-1"]
[WhiteElo "2385"]
[BlackElo "2389"]
[PlyCount "88"]
[EventDate "2022.06.11"]
[EventType "swiss"]
[EventRounds "7"]
[EventCountry "VIE"]
[SourceTitle "EXT 2023"]
[Source "ChessBase"]
[SourceDate "2022.10.05"]
[SourceVersion "1"]
[SourceVersionDate "2022.10.05"]
[SourceQuality "1"]

1. e4 e5 2. Nf3 Nc6 3. Bc4 Bc5 4. Nc3 Nf6 5. d3 0-0 6. 0-0 h6 7. Be3 Bb6 8. a3 d6 9. h3 Be6 10. Nd5 Bxd5 11. Bxd5 Nxd5 12. exd5 Ne7 13. c4 Ng6 14. Kh2 Qf6 15. Nd2 Qe7 16. Qg4 Kh7 17. Qf5 Kg8 18. Bxb6 axb6 19. g3 Qe8 20. Rfe1 Ne7 21. Qh5 f6 22. Qxe8 Rfxe8 23. Nf3 Ng6 24. h4 Re7 25. h5 Nf8 26. Nh4 Kf7 27. Nf5 Ree8 28. Nh4 Nd7 29. b4 b5 30. Nf5 e4 31. Rxe4 Rxe4 32. dxe4 bxc4 33. a4 Ne5 34. Ne3 Nd3 35. b5 Nxf2 36. Nxc4 Nxe4 37. Ra3 b6 38. Kg2 Nc5 39. a5 bxa5 40. Rxa5 Rxa5 41. Nxa5 Na4 42. Nc4 Nb6 43. Nxb6 cxb6 44. Kf3 f5 0-1

[Event "VIE-ch U11"]
[Site "Hanoi"]
[Date "2022.06.13"]
[Round "3"]
[White "Nguyen, Khac Bao An"]
[Black "Do, Dang Khoa"]
[Result "1-0"]
[WhiteElo "2400"]
[BlackElo "2389"]
[PlyCount "69"]
[EventDate "2022.06.11"]
[EventType "swiss"]
[EventRounds "7"]
[EventCountry "VIE"]
[SourceTitle "EXT 2023"]
[Source "ChessBase"]
[SourceDate "2022.10.05"]
[SourceVersion "1"]
[SourceVersionDate "2022.10.05"]
[SourceQuality "1"]

1. d4 Nf6 2. c4 e6 3. Nc3 Bb4 4. Bd2 0-0 5. Nf3 d5 6. e3 b6 7. cxd5 exd5 8. a3 Be7 9. g3 Bb7 10. Bg2 Nc6 11. 0-0 Re8 12. Rc1 Bf8 13. b4 a5 14. b5 Ne7 15. a4 Ng6 16. Qb3 Qd7 17. Rc2 h6 18. Rfc1 Rac8 19. Ne2 Ne4 20. Bc3 Qe6 21. Bb2 Bd6 22. Ba3 Bxa3 23. Qxa3 Qe7 24. Qxe7 Rxe7 25. Bh3 Rce8 26. Rxc7 Nf8 27. Ne5 f6 28. Nd7 Nxd7 29. Bxd7 Rb8 30. Nf4 Kf7 31. Be6+ Ke8 32. Rxe7+ Kxe7 33. Rc7+ Ke8 34. Bf7+ Kd8 35. Ne6# 1-0

[Event "VIE-ch U11"]
[Site "Ho Chi Minh City"]
[Date "2014.07.18"]
[Round "9"]
[White "Nguyen, Lam Thien"]
[Black "Do, Dang Khoa"]
[Result "1-0"]
[WhiteElo "1926"]
[BlackElo "1966"]
[PlyCount "77"]
[EventDate "2014.07.13"]
[EventType "swiss"]
[EventRounds "9"]
[EventCountry "VIE"]
[SourceTitle "EXT 2016"]
[Source "ChessBase"]
[SourceDate "2015.10.08"]
[SourceVersion "1"]
[SourceVersionDate "2015.10.08"]
[SourceQuality "1"]

1. e4 c5 2. Nf3 d6 3. d4 cxd4 4. Nxd4 Nf6 5. Nc3 g6 6. g3 Bg7 7. Bg2 Nc6 8. Nxc6 bxc6 9. e5 Nd5 10. Nxd5 cxd5 11. exd6 Qxd6 12. Qxd5 Qxd5 13. Bxd5 Rb8 14. c3 Ba6 15. Bc6+ Kd8 16. Bd5 e6 17. Bb3 Rc8 18. Bd2 Ke7 19. f3 Rhd8 20. Rd1 Rd3 21. Bg5+ f6 22. Rxd3 Bxd3 23. Be3 a6 24. Kf2 Bc4 25. Bxc4 Rxc4 26. Rd1 a5 27. Bb6 a4 28. Ba5 f5 29. Bb4+ Kf6 30. Rd7 f4 31. Be7+ Kf5 32. g4+ Ke5 33. Bd6+ Kf6 34. g5+ Kxg5 35. Rxg7 h5 36. h4+ Kf6 37. Rc7 Rxc7 38. Bxc7 g5 39. Bd8+ 1-0

[Event "VIE-ch U11"]
[Site "Ho Chi Minh City"]
[Date "2014.07.15"]
[Round "5"]
[White "Pham, Phu Vinh"]
[Black "Do, Dang Khoa"]
[Result "1-0"]
[WhiteElo "1911"]
[BlackElo "1966"]
[PlyCount "67"]
[EventDate "2014.07.13"]
[EventType "swiss"]
[EventRounds "9"]
[EventCountry "VIE"]
[SourceTitle "EXT 2016"]
[Source "ChessBase"]
[SourceDate "2015.10.08"]
[SourceVersion "1"]
[SourceVersionDate "2015.10.08"]
[SourceQuality "1"]

1. d4 Nf6 2. c4 g6 3. Nf3 d5 4. e3 Bg7 5. Bd3 0-0 6. 0-0 Nbd7 7. b3 c6 8. Bb2 Re8 9. Nbd2 dxc4 10. bxc4 e6 11. e4 h6 12. e5 Nh7 13. Qe2 Ng5 14. Nxg5 Qxg5 15. f4 Qd8 16. Ne4 Bf8 17. g4 Be7 18. f5 exf5 19. gxf5 gxf5 20. Rxf5 Nf8 21. Rh5 Ng6 22. Qe3 Qd7 23. Kh1 Qg4 24. Rxh6 Kg7 25. Rg1 Qe6 26. Nf6 Bxf6 27. Bxg6 Kf8 28. Rh8+ Bxh8 29. Ba3+ Re7 30. Bh7 f5 31. Bg8 Qd7 32. Qh6+ Ke8 33. Qxh8 Kd8 34. Be6+ 1-0